Data mining (Record no. 498)

MARC details
000 -LEADER
Fixed length control field 00414nam a22001697a 4500
003 - CONTROL NUMBER IDENTIFIER
Control field SEACOMMC
005 - DATE AND TIME OF LATEST TRANSACTION
Control field 20231114102308.0
008 - FIXED-LENGTH DATA ELEMENTS--GENERAL INFORMATION
Fixed length control field 231114b |||||||| |||| 00| 0 eng d
020 ## - INTERNATIONAL STANDARD BOOK NUMBER / ISBN
Price Rs. 199.00
040 ## - CATALOGING SOURCE
Original cataloging agency SEACOMMC
082 ## - DEWEY DECIMAL CLASSIFICATION NUMBER
Classification number 004.6
Book Number ADR
100 1# - MAIN ENTRY--PERSONAL NAME
Personal name Adriaans, Pieter
245 1# - TITLE STATEMENT
Title Data mining
Statement of responsibility Pieter Adriaans and Dolf Zantinge
650 ## - SUBJECT ADDED ENTRY--TOPICAL TERM
Topical term Computer science
700 1# - ADDED ENTRY--PERSONAL NAME
Personal name Zantinge, Dolf
942 ## - ADDED ENTRY ELEMENTS (KOHA)
Koha item type Books

No items available.

© Seacom Engineering College, All rights reserved.    Powered by Koha